| 000 | 00581nam a22002170a 4500 | ||
|---|---|---|---|
| 001 | PT41536 | ||
| 003 | AR-LpoUNG | ||
| 005 | 20220829162630.0 | ||
| 007 | aj ||||| | ||
| 040 |
_aAR-LpoUNG _bspa _cAR-LpoUNG _eaacr |
||
| 082 | 0 | _a982.03 275con | |
| 245 | 0 | 0 | _aLas Provincias Unidas del Río de La Plata bajo el congreso de Tucumán : 1816-1819 |
| 260 |
_aBuenos Aires : _bEdipe, _cs.f.. |
||
| 300 | _a1 mural laminado : col. ; 0,78 x 1,22 cm. | ||
| 650 | 4 | _aARGENTINA | |
| 650 | 4 | _aHISTORIA | |
| 650 | 4 | _aHISTORIA POLITICA | |
| 650 | 4 | _aMAPAS | |
| 905 | _a41536 | ||
| 942 | _cMAPA | ||
| 999 |
_c63552 _d63552 |
||